Detalles MARC
| 000 -LIDER |
| fixed length control field |
02200nam a2200361 a 4500 |
| 001 - NÚMERO DE CONTROL |
| Identificador de número de control |
000045731 |
| 003 - IDENTIFICACDOR DE NÚMERO DE CONTROL |
| control field |
DO-SdBNP |
| 005 - DATE AND TIME OF LATEST TRANSACTION |
| control field |
20170919121551.0 |
| 007 - CAMPOS FIJOS DE DESCRIPCIÓN FÍSICA |
| fixed length control field |
000045731 |
| 008 - ELEMENTOS DE LONGITUD FIJA |
| fixed length control field |
150508s1994 dr a 000 0 spa d |
| 040 ## - FUENTE DE CATALOGACIÓN |
| Agencia que crea de manera original el registro |
BPMSU |
| Idioma de catalogación |
spa |
| Agencia que realiza la transcripción |
BPMSU |
| 092 ## - LOCALLY ASSIGNED DEWEY DECIMAL CALL NUMBER |
| Número de clasificación |
330.97203 |
| Número de ítem (Cutter) |
D238e |
| 100 1# - ASIENTO PRINCIPAL -- NOMBRE PERSONAL |
| Nombre personal |
Dauhajre, Andrés |
| 245 10 - MENCIÓN DE TITULO |
| Título |
Estabilización, apertura y pobreza en la República Dominicana : |
| Subtítulo |
1986-1992 / |
| Mención de responsabilidad |
Andrés Dauhajre, José Achécar Chupani y Anne Swindale. |
| 260 ## - PUBLICACIÓN, DISTRIBUCIÓN, ETC. (PIE DE IMPRENTA) |
| Lugar de publicación, distribución, etc |
Santo Domingo : |
| Nombre del editor, distribuidor, etc. |
Fundación Economía y Desarrollo, |
| Fecha de publicación, distribución, etc |
1994. |
| 300 ## - DESCRIPCIÓN FÍSICA |
| Extensión |
xiii, 238 p. : |
| Otros detalles físicos |
il. ; |
| Dimensiones |
23 cm. |
| 500 ## - NOTA GENERAL |
| Nota general |
Incluye referencias bibliográficas y notas al pie de las páginas. |
| 505 0# - NOTA DE CONTENIDO |
| Texto normalizado de contenido |
Resumen de resultados -- |
| Título |
Distribución del ingreso -- |
| -- |
Indigencia y pobreza -- |
| -- |
La mujer y la pobreza -- |
| -- |
La niñez y la pobreza -- |
| -- |
Estado civil de los pobres -- |
| -- |
Educación y pobreza -- |
| -- |
El subsidio al gas propano y los pobres -- |
| -- |
El diferencial del petróleo y los pobres -- |
| -- |
Protección al arroz y los pobres -- |
| -- |
El aceite comestible y los pobres -- |
| -- |
El azucar y los pobres -- |
| -- |
Otros alimentos y los pobres -- |
| -- |
Fuentes de ingreso de los dominicanos -- |
| -- |
Estabilización economica y reforma estructural: 1990-1992 -- |
| -- |
Encuesta de ingresos y gasto de 1992 -- |
| -- |
Distribución el ingreso -- |
| -- |
Pobreza e indigencia -- |
| -- |
Perfil de la indigencia y la pobreza -- |
| -- |
Los subsidios generalizados y los pobres -- |
| -- |
Fuentes de ingreso de los dominicanos -- |
| -- |
Destino del gasto de los dominicanos -- |
| -- |
Adecuación calórica y proteica -- |
| -- |
Graficas y tablas -- |
| 650 ## - ENCABEZAMIENTO DE MATERIA--TEMÁTICO |
| Término temático o nombre geográfico como elemento de entrada |
POBREZA |
| Subdivisión temática general |
ESTADÍSTICAS |
| Subdivisión geográfica |
REPÚBLICA DOMINICANA |
| 650 ## - ENCABEZAMIENTO DE MATERIA--TEMÁTICO |
| Término temático o nombre geográfico como elemento de entrada |
ESTABILIZACIÓN ECONÓMICA |
| Subdivisión geográfica |
REPÚBLICA DOMINICANA |
| 650 ## - ENCABEZAMIENTO DE MATERIA--TEMÁTICO |
| Término temático o nombre geográfico como elemento de entrada |
DISTRIBUCION DEL INGRESO |
| Subdivisión geográfica |
REPÚBLICA DOMINICANA |
| Subdivisión temática general |
ESTADÍSTICAS |
| 651 ## - ENCABEZAMIENTO DE MATERIA--NOMBRE GEOGRÁFICO |
| Nombre geográfico |
REPÚBLICA DOMINICANA |
| Subdivisión de forma |
ESTADÍSTICAS |
| Subdivisión temática general |
CONDICIONES ECONÓMICAS |
| Subdivisión cronológica |
1961- |
| 651 ## - ENCABEZAMIENTO DE MATERIA--NOMBRE GEOGRÁFICO |
| Nombre geográfico |
REPÚBLICA DOMINICANA |
| Subdivisión temática general |
POLÍTICA COMERCIAL |
| 700 12 - ASIENTO SECUNDARIO -- NOMBRE PERSONAL |
| Nombre personal |
Achécar Chupani, José |
| 700 12 - ASIENTO SECUNDARIO -- NOMBRE PERSONAL |
| Nombre personal |
Swindale, Anne |
| 910 ## - VALIDACIÓN |
| Validación |
Validado. Control de calidad MFF |
| 930 #1 - EQUIVALENCE OR CROSS-REFERENCE-UNIFORM TITLE HEADING [LOCAL, CANADA] |
| Language of a work |
|
| Medium of performance for music |
|
| Field link and sequence number |
|
| Date of a work |
|
| Name of part/section of a work |
|
| Miscellaneous information |
|
| Medium |
|
| 942 ## - ADDED ENTRY ELEMENTS (KOHA) |
| Source of classification or shelving scheme |
Dewey Decimal Classification |
| Koha item type |
Libros |
| 945 ## - INFORMACIÓN DE PROCESAMIENTO LOCAL |
| Información de procesamiento local |
Inventariado / 2017 VM |
| 956 ## - LOCAL ELECTRONIC LOCATION AND ACCESS (OCLC) |
| Nombre de host |
|
| Número de acceso |
|
| Información de compresión |
|
| Inicio de sesión |
|
| Procesador de solicitud |
|
| 956 ## - LOCAL ELECTRONIC LOCATION AND ACCESS (OCLC) |
| Nombre de host |
|
| Número de acceso |
|
| Información de compresión |
|
| Inicio de sesión |
|
| Procesador de solicitud |
|
| 956 ## - LOCAL ELECTRONIC LOCATION AND ACCESS (OCLC) |
| Nombre de host |
VMATEO |
| Número de acceso |
10 |
| Información de compresión |
20150806 |
| Inicio de sesión |
BPMSU |
| Procesador de solicitud |
00151 |